000 00558nam a2200253Ia 4500
008 210210b1960 xxu||||| |||| 00| 0 eng d
041 _aeng
082 _a920/13
100 _aCOLE (G D H)
245 _aShort history of socialist thought Vol III Part II
260 _aLondon
_bMacmillan & Co. Ltd.
_c1960
440 _a3
650 _aVol
650 _athought
650 _asocialist
650 _aShort
650 _aPart
650 _aof
650 _aIII
650 _aII
650 _ahistory
690 _aTravel
906 _a024755
999 _c150377
_d150377